Ciencias naturales 9 /

Guardado en:
Autor Principal: Bazán, Marcelo Darío
Otros Autores: Nisenholc de Muler, Rebeca
Formato: Libro
Publicado: Buenos Aires : Tinta Fresca, 2005
Materias:
Etiquetas: Agregar Etiqueta
Sin Etiquetas, Sea el primero en etiquetar este registro!
LEADER 01997nam a22002655a 4500
001 CEM.cems011808
005 20080229082259.0
008 130507s2005##################000#0#####d
003 CEMS
020 |a 9875760498 
082 0 4 |a Z570 
100 1 |a Bazán, Marcelo Darío 
245 1 0 |a Ciencias naturales 9 /  |c Marcelo Darío Bazán , Rebeca Nisenholc de Muler 
260 |a Buenos Aires :  |b Tinta Fresca,  |c 2005 
300 |a 256 p. 
500 |a Para 9º año Egb 
505 0 |a La vida y su entorno -- Estado de la materia -- Modelo atómico -- Tabla periódica -- Unión iónica -- Unión metálica -- Unión covalente -- Redes covalentes -- Moléculas polares -- Radioactividad -- Radioactividad en Argentina -- Estructuras de moléculas complejas y energía -- Petróleo -- Combustión -- Biomoléculas -- Relación entre los seres vivos y el entorno -- Homeostasis -- Termorregulación -- Procesos de reproducción y crecimiento de los seres vivos -- Reproducción y éxito biológico -- Reproducción y biodiversidad -- Reroducción asexual -- Reproducción sexual -- Embarazo -- Herencia -- Biodiversidad -- Vida en la tierra -- Exobiología -- Origen y evolución del universo -- Sistema solar -- Planetas -- Fuerzas y movimientos en la tierra y otros planetas -- Ley de gravitación -- Leyes de Newton -- Fuerza y presión -- Energía -- Manifestaciones de la energía -- Energía cinética -- Energía potencial -- Energía mecánica -- Calor y energía térmica -- Sonido - Luz -- Ondas -- Campo eléctrico -- Campo magnético 
653 |a Ciencias naturales 
653 |a Ciencias naturales-9ºegb 
653 |a Biología 
700 1 |a Nisenholc de Muler, Rebeca 
859 |a CEMS  |b BIB. CEMS - 11 de abril  |h Z570  |i C394  |p 22865.05  |t Ej.1  |v 9º  |3 9º 
859 |a CEMS  |b BIB. CEMS - 11 de abril  |h Z570  |i C394  |p 23015.05  |t Ej.2  |v 9º  |3 9º 
859 |a CEMS  |b BIB. CEMS - 11 de abril  |h Z570  |i C394  |p 23016.05  |t Ej.3  |v 9º  |3 9º 
859 |a CEMS  |b BIB. CEMS - 11 de abril  |h Z570  |i C394  |p 23019.05  |t Ej.4  |v 9º  |3 9º